Cisco networking

Đã lưu trong:
Chi tiết về thư mục
Tác giả chính: Cannon, Kelly
Tác giả khác: Caudle, Kelly
Định dạng: Sách
Ngôn ngữ:Undetermined
Được phát hành: Australia : Boston, MA Course Technology/Cengage Learning 2004
Những chủ đề:
Truy cập trực tuyến:http://lrc.tdmu.edu.vn/opac/search/detail.asp?aID=2&ID=7326
Các nhãn: Thêm thẻ
Không có thẻ, Là người đầu tiên thẻ bản ghi này!
Thư viện lưu trữ: Trung tâm Học liệu Trường Đại học Thủ Dầu Một
LEADER 00640nam a2200193Ia 4500
001 TDMU_7326
008 210410s9999 xx 000 0 und d
082 |a 004.6 
090 |b C107 
100 |a Cannon, Kelly 
245 0 |a Cisco networking 
260 |a Australia : Boston, MA 
260 |b Course Technology/Cengage Learning 
260 |c 2004 
300 |a xvi, 774 p. 
650 |a Computer networks   |x Examinations   |v Study guides; Technology   |x Study and teaching 
700 |a Caudle, Kelly 
856 |u http://lrc.tdmu.edu.vn/opac/search/detail.asp?aID=2&ID=7326 
980 |a Trung tâm Học liệu Trường Đại học Thủ Dầu Một